000 00931nam a22003017a 4500
001 5856
003 FISKH
005 20250206105348.0
008 250127b cb ||||| |||| 00| 0 eng d
020 _a033500544125
040 _aFISKH
_beng
_cFISKH
_dFISKH
050 _aPZ7.B4657
082 _a152.4
100 _aBest, Anthony
245 _aThat makes me angry! /
_cBy Anthony ; Best Illustrated by Tom Cooke
250 _aThis edition published in 1989
260 _aNew York :
_bA Golden Book,
_c1989.
300 _a24 pages :
_bcolor illustrations ;
_c21 cm
505 _aG
520 _aAngry with each other, Bert and Ernie soon make up when they discover they have had a ridiculous misunderstanding.
521 8 _a360
_bLexile
521 8 _aG
_bRaz-Plus
650 _2Anger
_aEmotions
650 _2Sesame Street
_aFeelings
700 _aCooke, Tom
_dillustrator
942 _2ddc
_cBK
_n0
999 _c5856
_d5856